Introducción al conocimiento de la flora de España

Saved in:
Bibliographic Details
Main Author: Arévalo, Celso
Format: Unknown
Language:Spanish
Published: Madrid s n (Imp A Marzo) 1924
Textbook Catalogue:MANES:  Library Catalog Search Result
Textbook Classification:
Tags: Add Tag
No Tags, Be the first to tag this record!
Added to:2016-04-26
Changed in:2026-01-29

MARC

LEADER 000000000a22000000004500
001 34532
003 OSt
005 20260129165832.0
008 160427s sp ||||| |||| 00| 0 spa d
040 |a manes  |c manes 
041 |a Español 
100 1 |a Arévalo, Celso  |9 17957 
245 0 0 |a Introducción al conocimiento de la flora de España 
260 3 |a Madrid  |b s n (Imp A Marzo)  |c 1924 
300 |a 231 p.  |c 17 cm 
500 |a Signatura: JE8/92. Enc. tela. Signatura: CN/437. Enc. cart.  
690 |a CN 
691 0 |a SE 
942 |2 ddc  |c BK 
546 |a España 
999 |c 41530  |d 41530 
999 |c manes:41530  |d 41530